=LDR 00000nam 2200000 4500 =001 NUTBA000000000002785 =005 20140630094406.0 =006 =007 =008 =020 ##$$a 978-602-8063-30-2 =035 ##$$0010-061400000000728 =040 ##$$a NBPDMAT =082 ##$$a 793.12 =090 ##$$a 793.12 $b Und t =100 ##$$a Undi Harun R =245 ##$$a Teori bermain catur : $b Sistim pembukaan sepanyol serta varian utamanya / $c Drs.Undi Harun R =260 ##$$a Jakarta : $b Adfale Prima Cipta, { s.a } =300 ##$$a iv, 60 hlm. : $b ilus. ; $c 23 cm. =500 ##$$a Bibliografi : hlm. 60 =650 ##$$a Catur =850 ##$$a NBPDMAT =990 ##$$a 21402697 =990 ##$$a 0001/BPAP-NTB/20142015